| 000 | 00720nam a22001817a 4500 | ||
|---|---|---|---|
| 999 |
_c19521 _d19521 |
||
| 003 | AR-CdUCM | ||
| 008 | 190517b ||||| |||| 00| 0 spa d | ||
| 040 |
_aMUNICIPALIDAD PROVINCIAL DEL CUSCO _cBIBLIOTECA MUNICIPAL DEL CUSCO |
||
| 082 |
_a340.5 / _bI59 |
||
| 110 |
_aUniversidad Nacional de la Plata _940900 |
||
| 245 |
_aInstituto de filosofía del derecho y sociología : _banuario III / |
||
| 260 |
_aLa Plata : _bUniversidad Nacional de la Plata, _c1962. |
||
| 300 |
_a192 páginas ; _c21 cm. |
||
| 505 | _aLa doctrina del mundo jurídico -- El hombre y sus problemas -- Los miembros del instituto en los congresos científicos ... | ||
| 650 |
_aEstudios jurídicos. _95329 |
||
| 942 |
_2ddc _cLIBROS |
||
| 945 | _awfj | ||